| 000 | 00474cam a2200193ua 4500 | ||
|---|---|---|---|
| 001 | 9150 | ||
| 008 | 150730n ii |||gr||||Z||||||asm | ||
| 040 | _cMAIN | ||
| 041 | _aasm | ||
| 082 | _a891.451 | ||
| 100 |
_aPathak, R., _eEditor. |
||
| 245 |
_aSahitya sourav _cEdited by Ramesh Pathak |
||
| 250 | _a1st. | ||
| 260 |
_aGuwahati: _bAssam, _c2010. |
||
| 300 | _a196p. | ||
| 653 | _aEast Indo-European & Celtic literatures | ||
| 653 | _aAssamese literature | ||
| 942 | _cBK | ||
| 999 |
_c8221 _d8221 |
||